000 00753nam a2200265Ia 4500
003 OSt
005 20240823105813.0
006 a|||||r|||| 00| 0
007 ta
008 221004b |||||||| |||| 00| 0 san d
020 _cINR 2000.00
024 _a68229
037 _b300, 29/01/2020, Eastern Book Linkers
_cTextual
040 _aCRL
_cCRL
_bsan
041 _2san
_asan
082 _aO15, Q9
100 _aMadhusudhan Ed.
_9589179
245 0 _aMadan parijatha
_b samarti sangarha
250 _a2nd
260 _aDelhi
_bNag Prakashan India
_c2019
490 _vVol. 1
650 _aSANSKRIT LITERATURE
942 _hO15, Q9
_cTEXL
_2ddc
999 _c947188
_d947188